000
00230nam a2200097Ia 4500
005
20251222114411.0
008
251222s1900||||xx |||||||||||||| ||spa||
082
_a
DVD0093/P51/2002
245
0
_a
Ser y tener:Etre et Avoir
942
_c
DVD
999
_c
2054
_d
2054